Statistiques concernant Records de l'Équipe de France de football

Cliquez ici pour prendre le quiz!

Statistiques générales

  • Ce quiz a été pris 113 296 fois
    (73 432 depuis la dernière actualisation)
  • Le résultat moyen est 12 sur 17

Statistiques - réponses

ButsSélectionsJoueur% Correct
56129Olivier Giroud
98%
4675Kylian Mbappé
97%
44127Antoine Griezmann
96%
51123Thierry Henry
94%
31108Zinédine Zidane
93%
0145Hugo Lloris
91%
3797Karim Benzema
77%
4172Michel Platini
77%
2142Lilian Thuram
69%
4103Didier Deschamps
65%
3471David Trezeguet
55%
1697Laurent Blanc
54%
3021Just Fontaine
51%
3116Marcel Desailly
45%
3054Jean-Pierre Papin
42%
297Bixente Lizarazu
39%
6107Patrick Vieira
39%

Distribution des résultats

Percentile par nombre de réponses

% des personnes avec chaque résultat

Votre développement - résultats

Vous n’avez pas pris ce quiz depuis la dernière actualisation